000 00506nam a2200133Ia 4500
008 160216s9999 xx 000 0 und d
100 _aCentral Board of Secondary Education
245 _aTravel agency and tour operations business
245 _cCentral Board of Secondary Education.
260 _c2011
650 _xOperations management.
650 _xTravel agency.
856 _uhttp://psscive.nic.in/pdf/nvqef/cbse/CBSE%20Class%20XII%20Travel%20&%20Tourism/CBSE%20Class%20XII%20%20Travel%20Agency.pdf
999 _c290641
_d290641